000 00260nam a22001217a 4500
008 181031b xxu||||| |||| 00| 0 eng d
041 _aeng
080 _a510
100 _a36
101 _aMAT
245 _aMathematical Ideas
_cMiller,Ch.D
942 _2udc
_cBK
999 _c51241
_d51241